| 000 | 00577nam a2200181Ia 4500 | ||
|---|---|---|---|
| 003 | GCL | ||
| 008 | 140319s9999 xx 000 0 ara d | ||
| 040 |
_aGCL / _cGCL |
||
| 082 | 0 | 4 |
_a270 _bن د |
| 100 | 1 | _aنهى نجار | |
| 245 | 1 | 0 |
_aالديانة المسيحية / _cنهى نجار |
| 260 |
_aبيروت : _bدار الفكر اللبنانى ، _c1995 |
||
| 300 |
_a206 ص ؛ _c24 سم |
||
| 490 |
_aموسوعة الاديان السماوية والوضعية _v6 |
||
| 650 | 0 | 4 | _aالديانات |
| 650 | 0 | 4 | _aالمذاهب المسيحية |
| 942 |
_2ddc _cBK |
||
| 999 |
_c48177 _d48177 |
||